000 02115cam a22004814i 4500
003 PE-LiUPU
005 20250731173405.0
008 150706s r 000 0 d
020 _a9780825413780
035 _a(Sirsi) i9780825413780
040 _aPE-LiUPU
_bspa
_cPE-LiUPU
_erda
049 _aPRUA
082 0 4 _a253
_bL84
_221
100 1 _aLoritts, Crawford,
_eautor.
245 1 0 _aLiderazgo perdurable :
_bcuatro cualidades de quienes ejercen influencia /
_cCrawford Loritts.
264 1 _aMichigan :
_bPortavoz,
_c2011.
300 _a203 páginas ;
_c22 cm.
336 _atext
_2rdacontent
337 _aunmediated
_2rdamedia
338 _avolume
_2rdacarrier
505 0 _a¿Otro libro sobre el liderazgo? -- La tarea que Dios nos asigna -- El quebrantamiento -- Una necesidad urgente de Dios -- La rendición a Dios -- La caída en el pecado -- La fortaleza de la flaqueza -- Emporadas de quebrantamiento -- La comunión fuera de lo común -- Los recursos de Dios -- La presencia de Dios -- La dirección de Dios -- La actitud del siervo -- La humildad genuina -- La dignidad del servicio -- El poder del sacrificio -- La obediencia radical e inmediata -- La perseverancia -- El reto -- El legado de la fidelidad.
526 _aSEG42
526 _aSEG41
526 _aSEG40
526 _aSEG39
526 _aP94
526 _aP87
526 _aP86
526 _aP85
526 _aP77
526 _aP76
526 _aP35
541 _g001-001090;
650 0 4 _aLiderazgo
_xEnseñanza bíblica.
650 0 4 _aLiderazgo cristiano.
700 1 _aBernal, John,
_etr.
910 _agl
_bjv
_clch
_d20110817
942 _2ddc
_cBOOK
949 _a253 L84
_wDEWEY
_c1
_i63293
_lCCODEBUL1
_mBUL
_p11.00
_r0
_sY
_tBOOK
_u2015-7-6
_xTEOLOGIA
_PP35
_o.STAFF. Colección General
994 _aC0
_bPEPRU
596 _a1
999 _a253 L84
_wDEWEY
_c52293
_i63293
_d52293
_e2017-5-2
_f2021-11-10
_g5
_lCCODEBUL1
_mBUL
_n2
_p11.00
_q2
_r0
_sY
_tBOOK
_u2015-7-6
_xTEOLOGIA
_PP35
_0COMPRA
_o.STAFF. Colección General
980 _81
_gALBERTO SANCHEZ Responsable de Automatización